000 00573nam a2200229Ia 4500
003 OSt
005 20220923230805.0
006 a|||||r|||| 00| 0
007 ta
008 Pun
024 _a305,540
037 _cTextual
040 _aARTS
_cARTS
_bPun
041 _2Pun
_aPun
082 _aQ8441:21x, 153J3
100 _aਸਾਹਿਬ ਸਿੰਘ
245 0 _aਸਟੀਕ ਆਸਾ ਦੀ ਵਾਰ
260 _c1953
650 _aਧਰਮ
942 _hQ8441:21x, 153J3
_cTEXL
_2CC
999 _c387332
_d387332